Harley Hahn's student guide to Unix /
Tallennettuna:
| Päätekijä: | |
|---|---|
| Aineistotyyppi: | Kirja |
| Kieli: | English |
| Julkaistu: |
New York :
McGraw-Hill,
1996
|
| Painos: | 2nd ed. |
| Aiheet: | |
| Tagit: |
Lisää tagi
Ei tageja, Lisää ensimmäinen tagi!
|
| Thư viện lưu trữ: | Mạng thư viện Đại học Đà Nẵng |
|---|
| LEADER | 00849cam a2200349 i 4500 | ||
|---|---|---|---|
| 001 | 000045276 | ||
| 003 | 4448 | ||
| 005 | 20021115471125.0 | ||
| 008 | 010220|1996 vm 000 eng | ||
| 020 | |a 0070254923 | ||
| 040 | |a IRC |c IRC |d IRC | ||
| 041 | 0 | |a eng | |
| 082 | 1 | 4 | |a 005.43 |b HA-H |
| 100 | 1 | |a Hahn, Harley | |
| 245 | 0 | 0 | |a Harley Hahn's student guide to Unix / |c Harley Hahn |
| 250 | |a 2nd ed. | ||
| 260 | |a New York : |b McGraw-Hill, |c 1996 | ||
| 300 | |a xxxiii, 746p. : |b ill. | ||
| 630 | 0 | 4 | |a Unix. |
| 650 | 0 | 4 | |a Operating systems (Computers) |
| 650 | 0 | 4 | |a UNIX (Computer file) |
| OWN | |a DUT | ||
| 049 | 0 | 0 | |a mt |
| 999 | |a From the UDN01 | ||
| TYP | |a Monograph | ||
| TYP | |a Printed language | ||
| 980 | |a Mạng thư viện Đại học Đà Nẵng | ||


